[Event "Challenge"]
[Site "http://www.queenalice.com/game.php?id=1495463"]
[Date "2017.9.20"]
[Round "-"]
[White "Stargate64"]
[Black "knight576"]
[Result "1-0"]
[WhiteElo "1931"]
[BlackElo "2258"]

1. d4 d5 2. c4 e6 3. Nc3 Nf6 4. cxd5 exd5 5. Bg5 Be7 6. e3 Nbd7 7. Bd3 O-O 8.
Nge2 Re8 9. O-O Nf8 10. b4 c6 11. b5 Ne6 12. Bh4 Bd7 13. bxc6 1-0

[Event "Let's Play Chess!"]
[Site "http://www.queenalice.com/game.php?id=1496776"]
[Date "2017.10.2"]
[Round "-"]
[White "Stargate64"]
[Black "charles31"]
[Result "1-0"]
[WhiteElo "2012"]
[BlackElo "1762"]

1. d4 d5 2. c4 dxc4 3. Nf3 h6 4. e4 Bg4 5. Bxc4 e6 6. Qa4+ c6 7. Ne5 Bh5 8. Be3
Bd6 9. Qb3 Qc7 10. f4 Nd7 11. g4 Bxe5 12. dxe5 Bg6 13. Nd2 h5 14. f5 exf5 15.
exf5 Bh7 16. Bxf7+ Kd8 17. O-O-O hxg4 18. Ne4 Qxe5 19. Rxd7+ Kxd7 20. Qxb7+ 1-0

[Event "Challenge"]
[Site "http://www.queenalice.com/game.php?id=1497642"]
[Date "2017.10.5"]
[Round "-"]
[White "alfieresabaudo"]
[Black "Stargate64"]
[Result "0-1"]
[WhiteElo "1994"]
[BlackElo "2072"]

1. d4 Nf6 2. Nf3 d5 3. c4 e6 4. Nc3 Be7 5. e3 O-O 6. cxd5 exd5 7. Bd3 Re8 8. Ne5
h6 9. O-O c5 10. Bb5 Rf8 11. b3 a6 12. Bd3 cxd4 13. exd4 Re8 14. Re1 Be6 15. a3
Nfd7 16. Bf4 Nxe5 17. Bxe5 Nc6 18. Qf3 Nxe5 19. dxe5 Bc5 20. b4 Bd4 21. Rac1 Rc8
22. Bh7+ Kf8 23. Ne2 Bxe5 24. Nf4 Qf6 25. Nxe6+ fxe6 26. Bg6 Qxf3 27. gxf3 Rxc1
28. Rxc1 Bf4 29. Re1 Re7 30. Re2 e5 31. Rc2 Re6 32. Rc8+ Ke7 33. Rc7+ Kd8 34.
Rxg7 b5 35. Bf5 Rf6 36. Bc2 Rd6 37. a4 bxa4 38. Bxa4 d4 39. h4 Rb6 40. Ra7 Kc8
41. Bc2 Kb8 42. Rd7 Rxb4 43. Kf1 a5 44. Rd5 Rc4 45. Be4 a4 46. Ra5 Rc1+ 47. Ke2
Ra1 48. Kd3 a3 49. Kc2 Rh1 50. Rxa3 Rxh4 51. Kb3 Rh1 52. Kc4 Rc1+ 53. Kd5 Kb7
54. Bd3 h5 55. Rb3+ Kc7 56. Rb1 Rc3 57. Ke4 Rc6 58. Rh1 Rh6 59. Kd5 h4 60. Rh3
Rh5 61. Bg6 Rh6 62. Bd3 Kb6 63. Be2 Ka5 64. Kc5 Ka4 65. Kc4 Rc6+ 66. Kd3 Rc3+
67. Ke4 Kb3 68. Rxh4 Kc2 69. Rxf4 exf4 70. Kxd4 Rb3 71. Bc4 Rb4 72. Kc5 Ra4 73.
Kb5 Ra1 74. Kb4 Kd2 75. Kb3 Rb1+ 76. Ka3 Kc3 77. Ka2 Kxc4 78. Kxb1 Kd3 79. Kc1
Ke2 80. Kc2 Kxf3 81. Kd3 Kxf2 0-1

[Event "Challenge"]
[Site "http://www.queenalice.com/game.php?id=1500393"]
[Date "2017.10.25"]
[Round "-"]
[White "AlekinePb"]
[Black "Stargate64"]
[Result "0-1"]
[WhiteElo "1930"]
[BlackElo "2030"]

1. d4 Nf6 2. c4 e6 3. Nf3 d5 4. e3 a6 5. cxd5 exd5 6. Nc3 Bf5 7. Bd3 Bxd3 8.
Qxd3 Bd6 9. O-O O-O 10. e4 dxe4 11. Nxe4 Nxe4 12. Qxe4 Nc6 13. Be3 Re8 14. Qc2
Nb4 15. Qf5 Qc8 16. Qxc8 Raxc8 17. a3 Nc2 18. Rac1 Nxe3 19. Rfe1 Nd5 20. Rxe8+
Rxe8 21. Nd2 Nf4 22. Kf1 Nd3 23. Rb1 b5 24. b4 f6 25. Nb3 Kf7 26. Nc5 Bxc5 27.
bxc5 Re4 28. f3 Rxd4 29. Rd1 Ke6 30. Ke2 Nf4+ 31. Ke1 Rxd1+ 32. Kxd1 Nxg2 33.
Ke2 Kd5 34. Kf2 Nf4 35. Ke3 Ne6 36. Kd3 Nxc5+ 37. Kc3 Nd7 38. Kd3 Ne5+ 39. Ke3
Nxf3 40. Kxf3 Kc4 0-1

[Event "STARGAT0 EGYPT vs Z0MBIE J0SE"]
[Site "http://www.queenalice.com/game.php?id=1502071"]
[Date "2017.11.4"]
[Round "-"]
[White "JOSETEZOMBIE"]
[Black "Stargate64"]
[Result "1-0"]
[WhiteElo "2208"]
[BlackElo "2055"]

1. e4 c5 2. Nf3 Nc6 3. d4 cxd4 4. Nxd4 g6 5. Nc3 Bg7 6. Be3 Nf6 7. f3 O-O 8. Kf2
d5 9. exd5 Nxd5 10. Nxd5 Qxd5 11. Nxc6 Qxc6 12. c3 f5 13. f4 Be6 14. Be2 Rfd8
15. Qc2 Bd5 16. Bf3 Bxf3 17. gxf3 Bf6 18. h4 h5 19. Kg3 a5 20. a4 Rd6 21. Qb3+
Kf8 22. Rad1 Rad8 23. Rxd6 Rxd6 24. Kf2 Kg7 25. Kg3 Rd3 26. Kf2 Qd7 27. Qb5 Qxb5
28. axb5 Rd5 29. c4 Rd3 30. Bb6 a4 31. Ra1 Bxh4+ 32. Kg2 Rb3 33. Rxa4 Rxb2+ 34.
Kh3 Bf6 35. Bc5 Kf7 36. Ra7 1-0

[Event "Challenge"]
[Site "http://www.queenalice.com/game.php?id=1505013"]
[Date "2017.11.22"]
[Round "-"]
[White "knight576"]
[Black "Stargate64"]
[Result "0-1"]
[WhiteElo "2144"]
[BlackElo "2036"]

1. e4 c5 2. Nf3 Nc6 3. d4 cxd4 4. Nxd4 Nf6 5. Nc3 e5 6. Ndb5 h6 7. Nd6+ Bxd6 8.
Qxd6 Qe7 9. Qxe7+ Kxe7 10. a3 d6 11. Bd3 Be6 12. O-O Rhd8 13. f4 exf4 14. Bxf4
Ne5 15. h3 a6 16. Rae1 Rac8 17. Rf2 Nfd7 18. Nd5+ Ke8 19. Bf1 Nc5 20. b4 Nxe4
21. Bxe5 dxe5 22. Rxe4 Rxd5 23. c4 Rd1 24. Kh2 f6 0-1

[Event "AUTO-OPEN-3881"]
[Site "http://www.queenalice.com/game.php?id=1507722"]
[Date "2017.12.12"]
[Round "1"]
[White "williamtod98"]
[Black "Stargate64"]
[Result "0-1"]
[WhiteElo "1061"]
[BlackElo "2093"]

1. d4 Nf6 2. f3 d5 3. Nc3 c5 4. dxc5 e5 5. e4 d4 6. Nb5 Bxc5 7. Ne2 Qa5+ 8. Bd2
Qxb5 9. b3 O-O 10. c4 Qb6 11. g4 Nc6 12. Ng3 d3 13. Bxd3 Rd8 14. Bg5 Nb4 15.
Bxf6 Qxf6 16. Nh5 Qh4+ 17. Ke2 Qf2# 0-1

[Event "AUTO-OPEN-3881"]
[Site "http://www.queenalice.com/game.php?id=1507723"]
[Date "2017.12.12"]
[Round "1"]
[White "Stargate64"]
[Black "williamtod98"]
[Result "1-0"]
[WhiteElo "2100"]
[BlackElo "1135"]

1. d4 d5 2. Nf3 Bd7 3. e3 Nc6 4. c4 e6 5. Nc3 Nf6 6. cxd5 exd5 7. Bd3 Bd6 8. Nb5
a6 9. Nxd6+ cxd6 10. O-O O-O 11. Bd2 Re8 12. a4 a5 13. Qb3 b6 14. Rfc1 Ne4 15.
Qxd5 Nxd2 16. Nxd2 Nb4 17. Qb3 Rc8 18. Bc4 Re7 19. e4 g6 20. h3 Nc6 21. Qd3 Nb4
22. Qg3 Kg7 23. Qxd6 Rc6 24. Qf4 Qa8 25. d5 Rf6 26. Qc7 Na6 27. Bxa6 Qxa6 28. e5
Rf5 29. Nf3 f6 30. Qd6 Kf7 31. e6+ Bxe6 32. dxe6+ Rxe6 33. Rc7+ Ke8 34. Qxe6+
Kd8 35. Qd7# 1-0

[Event "AUTO-OPEN-3881"]
[Site "http://www.queenalice.com/game.php?id=1507746"]
[Date "2017.12.12"]
[Round "1"]
[White "Stargate64"]
[Black "Menezes"]
[Result "1-0"]
[WhiteElo "2100"]
[BlackElo "1779"]

1. d4 d5 2. Nf3 Nc6 3. e3 Nf6 4. c4 dxc4 5. Bxc4 e6 6. Nc3 Nd5 7. Bd2 Nxc3 8.
Bxc3 Bb4 9. Bxb4 Nxb4 10. Qa4+ Nc6 11. O-O O-O 12. Rac1 Qf6 13. Rfd1 Qg6 14. Bd3
f5 15. Ne5 Nxe5 16. dxe5 c6 17. Bc2 b5 18. Qb4 Bb7 19. Qc5 h5 20. Rd7 Bc8 21.
Re7 Bb7 22. Rxb7 Rfd8 23. Bb3 Rd2 24. Qxc6 Rad8 25. Qxe6+ Qxe6 26. Bxe6+ Kf8 27.
Kf1 Rxb2 28. Bxf5 a5 29. e6 Re8 30. Rcc7 Rd8 31. e7+ 1-0

[Event "AUTO-OPEN-3881"]
[Site "http://www.queenalice.com/game.php?id=1507747"]
[Date "2017.12.12"]
[Round "1"]
[White "Menezes"]
[Black "Stargate64"]
[Result "0-1"]
[WhiteElo "1797"]
[BlackElo "2093"]

1. e4 c5 2. b3 g6 3. Bb2 Nf6 4. e5 Nd5 5. e6 f6 6. Bb5 Nc6 7. Bxc6 dxc6 8. Qe2
Nf4 9. Qc4 Qd6 10. Ne2 Nxg2+ 11. Kd1 Bxe6 12. Qe4 Bd5 13. Qd3 Nf4 14. Nxf4 Bxh1
15. Qxd6 exd6 16. Ne6 Bf3+ 17. Ke1 Kf7 18. Nf4 Bh6 19. Ne2 Rhe8 20. Nc3 d5 21.
d3 b5 22. Bc1 Bxc1 23. Rxc1 b4 24. Na4 Rxe2+ 25. Kf1 Rae8 26. Nxc5 Rd2 27. Nb7
Ree2 28. Re1 Rxf2+ 29. Kg1 Rg2+ 0-1

[Event "AUTO-OPEN-3881"]
[Site "http://www.queenalice.com/game.php?id=1507748"]
[Date "2017.12.12"]
[Round "1"]
[White "Stargate64"]
[Black "jlpbarreto"]
[Result "1-0"]
[WhiteElo "2104"]
[BlackElo "1972"]

1. d4 Nf6 2. Nf3 e6 3. e3 g6 4. Bd3 Bg7 5. Nbd2 O-O 6. O-O b6 7. e4 Bb7 8. e5
Nd5 9. Ne4 Ba6 10. c4 Ne7 11. Re1 Nf5 12. Bg5 Qe8 13. Nf6+ Bxf6 14. Bxf6 d5 15.
Bxf5 exf5 16. Qd2 1-0

[Event "AUTO-OPEN-3881"]
[Site "http://www.queenalice.com/game.php?id=1507749"]
[Date "2017.12.12"]
[Round "1"]
[White "jlpbarreto"]
[Black "Stargate64"]
[Result "0-1"]
[WhiteElo "1972"]
[BlackElo "2117"]

1. e4 c5 2. Nf3 Nc6 3. d4 cxd4 4. Nxd4 Nf6 5. Nc3 e5 6. Ndb5 h6 7. Nd6+ Bxd6 8.
Qxd6 Qe7 9. Qd1 O-O 10. g3 d5 11. exd5 Nd4 12. Bg2 Bg4 13. Qd2 Nf3+ 14. Bxf3
Bxf3 15. O-O Qd7 0-1

[Event "AUTO-OPEN-3841"]
[Site "http://www.queenalice.com/game.php?id=1508789"]
[Date "2017.12.21"]
[Round "2"]
[White "Stargate64"]
[Black "AyltonChessGM"]
[Result "1-0"]
[WhiteElo "2187"]
[BlackElo "2219"]

1. d4 Nf6 2. Nf3 d5 3. e3 e6 4. Bd3 c5 5. b3 Nc6 6. Nbd2 cxd4 7. exd4 h6 8. O-O
Bd6 9. Bb2 O-O 10. a3 Bd7 11. Ne5 Qc7 12. Ndf3 a6 13. c4 dxc4 14. Nxc4 b5 15.
Nce5 Bxe5 16. dxe5 Nd5 17. Rc1 Qb6 18. Bb1 f5 19. exf6 gxf6 20. Qd2 Kg7 21. Qd3
Kf7 22. Qh7+ Ke8 23. Bg6+ Kd8 24. Rfe1 Nce7 25. Bd4 Qb7 26. Be4 1-0

[Event "AUTO-OPEN-3841"]
[Site "http://www.queenalice.com/game.php?id=1508790"]
[Date "2017.12.21"]
[Round "2"]
[White "AyltonChessGM"]
[Black "Stargate64"]
[Result "0-1"]
[WhiteElo "2210"]
[BlackElo "2167"]

1. d4 Nf6 2. Nf3 d6 3. c4 g6 4. Nc3 Bg7 5. e3 Bg4 6. h3 Bxf3 7. Qxf3 c6 8. Bd3
Nbd7 9. Bd2 e5 10. O-O-O O-O 11. Kb1 Re8 12. Bc2 Nb6 13. b3 Qc7 14. dxe5 Rxe5
15. g4 a5 16. Qg2 a4 17. f4 axb3 18. axb3 Rea5 19. Kb2 Nxc4+ 20. bxc4 Qb6+ 21.
Kc1 Ra1+ 22. Bb1 R8a2 23. Nxa2 Qxb1# 0-1

[Event "AUTO-OPEN-3841"]
[Site "http://www.queenalice.com/game.php?id=1508791"]
[Date "2017.12.21"]
[Round "2"]
[White "Stargate64"]
[Black "Zorychta"]
[Result "1/2-1/2"]
[WhiteElo "2254"]
[BlackElo "2431"]

1. d4 Nf6 2. Nf3 d5 3. e3 e6 4. Bd3 c5 5. b3 Nc6 6. O-O Bd6 7. Nbd2 cxd4 8. exd4
O-O 9. a3 e5 10. dxe5 Nxe5 11. Be2 Ng6 12. Bb2 Nf4 13. Re1 Bc5 14. Bd4 Qb6 15.
Bxc5 Qxc5 16. Ne5 Ne4 17. Nd3 Nxd3 18. Nxe4 dxe4 19. cxd3 e3 20. fxe3 Qxe3+ 21.
Kh1 Qd4 22. b4 Be6 23. Bf3 Bd5 24. Bxd5 Qxd5 25. Qd2 h6 26. h3 b6 27. Re7 a5 28.
a4 Rfe8 29. Rxe8+ Rxe8 30. bxa5 bxa5 31. Re1 Rc8 32. d4 Rc4 33. Re8+ Kh7 34.
Qd3+ g6 35. Qf1 Kg7 36. Rd8 Qe6 37. Re8 Qd5 38. Rd8 Qe6 39. d5 Qe4 40. Qa1+ Qd4
41. Qxd4+ Rxd4 42. d6 Rxa4 43. Ra8 Rd4 44. Rxa5 Rxd6 45. Rb5 Rd2 46. Ra5 Kf6 47.
Rb5 h5 48. Rc5 h4 49. Rb5 Rd1+ 50. Kh2 g5 51. Rc5 Rd2 52. Rb5 Kg6 53. Rc5 f6 54.
Rb5 Kh5 55. Rc5 Kg6 1/2-1/2

[Event "AUTO-OPEN-3841"]
[Site "http://www.queenalice.com/game.php?id=1508792"]
[Date "2017.12.21"]
[Round "2"]
[White "Zorychta"]
[Black "Stargate64"]
[Result "0-1"]
[WhiteElo "2415"]
[BlackElo "2259"]

1. e4 c5 2. c3 Nf6 3. e5 Nd5 4. d4 cxd4 5. cxd4 d6 6. Nf3 Nc6 7. Bc4 Nb6 8. Bb5
dxe5 9. Nxe5 Bd7 10. Bxc6 Bxc6 11. Nxc6 bxc6 12. O-O e6 13. Nc3 Bb4 14. Bf4 O-O
15. Rc1 Rc8 16. Be5 Nd7 17. Bg3 Nb6 18. Be5 Nc4 19. a3 Be7 20. Qe2 Nd6 21. Rcd1
Qb6 22. Rd3 Rcd8 23. h3 Nf5 24. Rfd1 Rd7 25. g4 Nh4 26. Na4 Qb5 27. Nc5 Rd5 28.
Ne4 Rd7 29. Nc5 Rd5 30. Ne4 Qc4 31. Bg3 Rfd8 32. b3 Qa6 33. b4 Ng6 34. Qf3 h6
35. R3d2 Qc4 36. Qe3 R5d7 37. f4 f5 38. Nc3 a5 39. bxa5 Ra7 40. Na2 Rxa5 41. Nb4
Bxb4 42. axb4 Ra4 43. d5 Rd6 44. dxc6 Rxd2 45. Qxd2 Ra3 46. Bh2 Kh7 47. Rc1 Qb3
48. c7 Nh4 49. Qf2 Nf3+ 50. Kh1 Ra2 51. Rf1 Rxf2 52. Rxf2 Qd1+ 53. Kg2 Nh4+ 54.
Kg3 g5 0-1

[Event "AUTO-OPEN-3881"]
[Site "http://www.queenalice.com/game.php?id=1513077"]
[Date "2018.1.23"]
[Round "2"]
[White "TomasBlack"]
[Black "Stargate64"]
[Result "0-1"]
[WhiteElo "2388"]
[BlackElo "2206"]

1. d4 Nf6 2. f3 d5 3. Nc3 c5 4. e4 cxd4 5. Qxd4 Nc6 6. Bb5 Bd7 7. Bxc6 Bxc6 8.
e5 Nd7 9. Nge2 e6 10. Be3 Bc5 11. Qd2 Qh4+ 12. g3 Bxe3 13. Qxe3 Qh5 14. Nd4 Qxe5
15. Qxe5 Nxe5 16. O-O-O O-O 17. Rhe1 Nc4 18. b3 Nd6 19. Ne4 Nb5 20. Nxc6 bxc6
21. a4 Nc7 22. Nc5 a5 23. Rd3 Na6 24. Rc3 Rfd8 25. f4 Nxc5 26. Rxc5 Ra6 27. Re3
Kf8 28. Rec3 Rd6 29. g4 f6 30. g5 Kf7 31. gxf6 Kxf6 32. Kd2 h6 33. Rg3 Rd7 34.
h4 Kf5 35. Ke3 g6 0-1

[Event "AUTO-OPEN-3881"]
[Site "http://www.queenalice.com/game.php?id=1513078"]
[Date "2018.1.23"]
[Round "2"]
[White "Stargate64"]
[Black "TomasBlack"]
[Result "1/2-1/2"]
[WhiteElo "2200"]
[BlackElo "2387"]

1. d4 c6 2. Nf3 d5 3. c4 Nf6 4. Nc3 dxc4 5. a4 Bf5 6. Nh4 e6 7. Nxf5 exf5 8. Bg5
Be7 9. e3 Nbd7 10. Bxc4 a6 11. Qb3 O-O 12. Qxb7 Rb8 13. Qxa6 Rxb2 14. O-O c5 15.
Nb5 Ne4 16. Bxe7 Qxe7 17. Ra2 Rxa2 18. Bxa2 g6 19. Bd5 Ndf6 20. Bc6 Rb8 21. h3
cxd4 22. Nxd4 Rb2 23. Qc8+ Kg7 24. Bxe4 Nxe4 25. Qc4 Qe5 26. Nf3 Qc5 27. Qxc5
Nxc5 28. Ra1 Nb3 29. Ra3 Na5 30. g3 Kf6 31. h4 h6 32. Ra1 Nb3 33. Ra3 Na5
1/2-1/2

[Event "OS INCLIVES"]
[Site "http://www.queenalice.com/game.php?id=1513451"]
[Date "2018.1.25"]
[Round "-"]
[White "adelio"]
[Black "Stargate64"]
[Result "0-1"]
[WhiteElo "1464"]
[BlackElo "2186"]

1. d4 Nf6 2. c4 e6 3. a3 c5 4. e3 b6 5. Nc3 Bb7 6. d5 exd5 7. cxd5 d6 8. e4 a6
9. Bg5 b5 10. Be2 Nbd7 11. Bg4 Be7 12. Bxd7+ Nxd7 13. Bxe7 Qxe7 14. h4 b4 15.
axb4 cxb4 0-1

[Event "OS INCLIVES"]
[Site "http://www.queenalice.com/game.php?id=1513452"]
[Date "2018.1.25"]
[Round "-"]
[White "Stargate64"]
[Black "adelio"]
[Result "1-0"]
[WhiteElo "2186"]
[BlackElo "1464"]

1. d4 d5 2. Nf3 e6 3. e3 Be7 4. Bd3 Nd7 5. O-O h5 6. Nbd2 h4 7. h3 Nh6 8. e4 c6
9. c4 Nf8 10. cxd5 Ng6 11. dxc6 bxc6 12. Nb3 e5 13. Nxe5 Nxe5 14. dxe5 Be6 15.
Be3 g6 16. Qc1 Ng4 17. hxg4 1-0

[Event "AUTO-OPEN-3881"]
[Site "http://www.queenalice.com/game.php?id=1523203"]
[Date "2018.4.11"]
[Round "3"]
[White "tucuman"]
[Black "Stargate64"]
[Result "0-1"]
[WhiteElo "2325"]
[BlackElo "2239"]

1. d4 Nf6 2. Bf4 g6 3. e3 Bg7 4. Nf3 c5 5. c3 b6 6. Bb5 Bb7 7. O-O O-O 8. Nbd2
a6 9. Ba4 d6 10. Bb3 Nh5 11. Bg5 h6 12. Bh4 Nd7 13. Ne1 b5 14. Nc2 c4 15. Nxc4
bxc4 16. Bxc4 Nhf6 17. f3 e5 18. Be2 Re8 19. c4 Rc8 20. d5 Qc7 21. e4 Nb6 22.
Na3 Nh5 23. b3 Nxd5 24. cxd5 Qc5+ 25. Bf2 Qxa3 26. Bc4 Qa5 27. Be3 Nf4 28. Bxf4
exf4 29. Rb1 Qxa2 30. Rf2 Bd4 31. Qxd4 Qxb1+ 32. Rf1 Qa2 33. Qf6 a5 34. Ra1 Qd2
35. h3 Ba6 36. Bxa6 Rc2 37. Bf1 Re5 38. Qd8+ Kg7 39. Qxd6 Rh5 40. Re1 Qf2+ 41.
Kh1 Rxh3+ 42. gxh3 Qh2# 0-1

[Event "AUTO-OPEN-3881"]
[Site "http://www.queenalice.com/game.php?id=1523204"]
[Date "2018.4.11"]
[Round "3"]
[White "Stargate64"]
[Black "tucuman"]
[Result "1-0"]
[WhiteElo "2223"]
[BlackElo "2341"]

1. d4 d5 2. Nf3 Bf5 3. c4 e6 4. Qb3 Nc6 5. c5 Rb8 6. Bf4 f6 7. e3 Nge7 8. Nbd2
g5 9. Bg3 h5 10. h3 Bg7 11. Qc3 O-O 12. b4 a6 13. Be2 e5 14. Nb3 Bg6 15. dxe5
fxe5 16. Nxg5 Qd7 17. Rd1 Nf5 18. Rxd5 Qe7 19. e4 Nxg3 20. Qxg3 Nxb4 21. Rd2 Kh8
22. O-O Bf6 23. h4 Bxg5 24. hxg5 Rf4 25. Nd4 Bxe4 26. Bxh5 Rg8 27. Nf3 Bxf3 28.
Bxf3 Qxg5 29. Qxg5 Rxg5 30. Bxb7 Rc4 31. Rd8+ Kh7 32. a3 Na2 33. Bd5 Rcg4 34.
Rd7+ Kh6 35. g3 Nc3 36. Bf7 Nb5 37. Kg2 Ra4 38. Rh1+ Kg7 39. Bb3+ Kg6 40. Bxa4
c6 41. Bc2+ Kf6 42. Rh6+ Rg6 43. Rxg6# 1-0

[Event "AUTO-OPEN-3841"]
[Site "http://www.queenalice.com/game.php?id=1538786"]
[Date "2018.8.13"]
[Round "3"]
[White "Stargate64"]
[Black "junipero"]
[Result "1-0"]
[WhiteElo "2276"]
[BlackElo "2060"]

1. e4 c5 2. Nf3 Nc6 3. Bd3 d6 4. c3 e5 5. Bc2 Nf6 6. O-O Be7 7. h3 O-O 8. d4
cxd4 9. cxd4 exd4 10. Nxd4 h6 11. Nc3 a6 12. Be3 Ne5 13. Qe2 b5 14. f4 Nc4 15.
Bf2 Nxb2 16. Nc6 Qc7 17. Nxe7+ Qxe7 18. e5 dxe5 19. fxe5 Nd7 20. Qe4 f5 21. Qxa8
Qxe5 22. Qd5+ Kh8 23. Bd4 Qxd5 24. Nxd5 Nc4 25. Ne7 Kh7 26. Nxc8 Rxc8 27. Bxf5+
g6 28. Bxd7 Rd8 29. Rf7+ Kg8 30. Rg7+ Kf8 31. Rf1# 1-0

[Event "AUTO-OPEN-3841"]
[Site "http://www.queenalice.com/game.php?id=1538787"]
[Date "2018.8.13"]
[Round "3"]
[White "junipero"]
[Black "Stargate64"]
[Result "0-1"]
[WhiteElo "2009"]
[BlackElo "2282"]

1. d4 e6 2. c4 Nf6 3. Nc3 Bb4 4. Bd2 Nc6 5. e3 O-O 6. Nf3 d6 7. a3 Bxc3 8. Bxc3
Ne4 9. Qc2 Nxc3 10. Qxc3 Qe7 11. Bd3 e5 12. dxe5 Nxe5 13. Nxe5 Qxe5 14. Qc2 h6
15. O-O Re8 16. h3 b6 17. Rae1 Bb7 18. f4 Qf6 19. b4 a5 20. b5 Re7 21. e4 Qd4+
22. Kh2 Rae8 23. Rf2 Bxe4 24. Bxe4 Rxe4 25. Rxe4 Qxe4 26. g3 Qxc2 27. Rxc2 Re3
28. c5 bxc5 29. a4 Ra3 30. Rc4 Ra2+ 31. Kg1 f5 32. g4 g6 33. g5 hxg5 34. fxg5
Rb2 35. h4 Rb4 0-1